|
|
|
|
| LEADER |
01225nam a2200313 i 4500 |
| 001 |
3679 |
| 003 |
BD-DhAAL |
| 005 |
20150907105731.0 |
| 008 |
150907s1976 nyua b 001 0 eng |
| 010 |
|
|
|a 75023443
|
| 020 |
|
|
|a 0075543591
|
| 020 |
|
|
|a 0394319958
|
| 040 |
|
|
|a DLC
|c DLC
|d NIC
|d BD-DhAAL
|
| 082 |
|
|
|a 973.9
|
| 100 |
1 |
|
|a Freidel, Frank,
|d 1916-1993.
|9 14407
|
| 245 |
1 |
0 |
|a America in the twentieth century /
|c Frank Freidel.
|
| 250 |
|
|
|a 5th ed.
|
| 260 |
|
|
|a New York :
|b Knopf : distributed by Random House,
|b McGraw-Hill,
|c c1982.
|
| 300 |
|
|
|a xvii, 581 p. :
|b ill. ;
|c 24 cm.
|
| 500 |
|
|
|a Includes index.
|
| 504 |
|
|
|a Bibliography: p. 450-471.
|
| 541 |
|
|
|e 3679
|
| 648 |
|
7 |
|a 1900 - 1999
|2 fast
|9 14408
|
| 651 |
|
0 |
|a United States
|x History
|y 20th century
|9 14409
|
| 651 |
|
7 |
|a United States
|2 fast
|9 14410
|
| 942 |
|
|
|2 ddc
|c BK
|
| 999 |
|
|
|c 35443
|d 35443
|
| 952 |
|
|
|0 0
|1 0
|2 ddc
|4 0
|6 973_900000000000000_FRE
|7 0
|9 55737
|a SCL
|b SCL
|c GEN
|d 2015-09-07
|e Gift: The Asia Foundation
|l 0
|o 973.9 FRE
|p 3020003679
|r 2015-09-07
|t 1
|w 2015-09-07
|y BK
|
| 952 |
|
|
|0 0
|1 0
|2 ddc
|4 0
|6 973_900000000000000_FRE
|7 0
|9 55884
|a SCL
|b SCL
|c GEN
|d 2015-09-14
|e Gift: The Asia Foundation
|l 2
|m 13
|o 973.9 FRE
|p 3020003686
|r 2018-11-25
|s 2018-11-04
|t 2
|w 2015-09-14
|y BK
|